LEADER 01504nam2 2200361 i 450 001 UFI0204040 005 20251003044428.0 010 $a8813191588 020 $aIT$b95-9089 100 $a20130827d1995 ||||0itac50 ba 101 | $aita 102 $ait 181 1$6z01$ai $bxxxe 182 1$6z01$an 200 1 $aˆ21: Il ‰pubblico impiego$fAlessandro Catelani 205 $a2. ed 210 $aPadova$dCEDAM,1995 215 $aXV, 323 p.$d25 cm. 461 1$1001CFI0076450$12001 $aTrattato di diritto amministrativo$fdiretto dal prof. Giuseppe Santaniello$v21 606 $aImpiego pubblico$2FIR$3CFIC030144$9I 676 $a342.45068$9POTERE ESECUTIVO. FUNZIONARI E DIPENDENTI. ITALIA$v20 676 $a352.63$9Amministrazione del personale. Impiego pubblico$v20 696 $aRapporto di pubblico impiego$aPubblico impiego 699 $aImpiego pubblico$yRapporto di pubblico impiego 699 $aImpiego pubblico$yPubblico impiego 700 1$aCatelani$b, Alessandro$3CFIV096341$4070$0231093 801 3$aIT$bIT-000000$c20130827 850 $aIT-BN0095 $aIT-NA0070 912 $aUFI0204040 950 2$aBiblioteca Centralizzata di Ateneo$cv. 1; 5-8; 10-13; 15.1; 16; 18-19; 21-23$d 01TRA 39 TRADDA$e 0101 0700176695 VMA (00021 2.ed v. 21 (2.ed. - Precedente collocazione: 342.4506 TRA XXI)$fB $h20250320$i20250320 977 $a 01$a BU 996 $aPubblico impiego$9207071 997 $aUNISANNIO LEADER 03810nam 2200709Ia 450 001 9910966386803321 005 20251205132841.0 010 $a9780123852076 010 $a0123852072 035 $a(CKB)3370000000000962 035 $a(EBL)787244 035 $a(OCoLC)759807267 035 $a(SSID)ssj0000540258 035 $a(PQKBManifestationID)11334207 035 $a(PQKBTitleCode)TC0000540258 035 $a(PQKBWorkID)10585307 035 $a(PQKB)11629773 035 $a(MiAaPQ)EBC787244 035 $a(CaSebORM)9780123852076 035 $a(Au-PeEL)EBL787244 035 $a(CaPaEBR)ebr10504580 035 $a(PPN)233373489 035 $a(OCoLC)805417391 035 $a(OCoLC)ocn805417391 035 $a(FR-PaCSA)88803372 035 $a(FRCYB88803372)88803372 035 $a(EXLCZ)993370000000000962 100 $a20110923d2012 uy 0 101 0 $aeng 135 $aur|n|---||||| 181 $ctxt 182 $cc 183 $acr 200 12$aA practical guide to SysML $ethe systems modeling language /$fSanford Friedenthal, Alan Moore, Rick Steiner 205 $a[2nd ed.]. 210 $aWaltham, MA $cMorgan Kaufmann$dc2012 215 $a1 online resource (641 p.) 225 1 $aThe MK/OMG Press 300 $aDescription based upon print version of record. 311 08$a9780123852069 311 08$a0123852064 320 $aIncludes bibliographical references and index. 327 $aMachine generated contents note: Part I Introduction Systems Engineering Overview Model-Based Systems Engineering3 SysML Language Overview SysML Language Overview Part II Language Description SysML Language Architecture Organizing the Model with Packages Modeling Structure with Blocks Modeling Constraints with Parametrics Modeling Flow-Based Behavior with Activities Modeling Message-Based Behavior with Interactions Modeling Event-Based Behavior with State Machines Modeling Functionality with Use Cases Modeling Text-Based Requirements and their Relationship to Design Modeling Cross-Cutting Relationships with Allocations Customizing SysML for Specific Domains Part III Modeling Examples Water Distiller Example Using Functional Analysis Residential Security System Example Using the Object-Oriented Systems Engineering Method Part IV Transitioning to Model-Based Systems Engineering Integrating SysML into a Systems Development Environment Deploying SysML into an Organization APPENDIXES A-1 SysML Reference Guide A-2 Cross Reference Guide to the OMG Systems Modeling Professional Certification Program (OCSMP) -- NEW . 330 $aA Practical Guide to SysML: The Systems Modeling Language is a comprehensive guide for understanding and applying SysML to model systems. The Object Management Group's OMG SysML is a general-purpose graphical modeling language for representing systems that may include combinations of hardware, software, data, people, facilities, and natural objects. SysML supports the practice of model-based systems engineering (MBSE) used to develop system solutions in response to complex and often technologically challenging problems. The book is organized into four parts. Part I provides an overview of sys 410 0$aMK/OMG Press 517 3 $aSystems modeling language 517 3 $aPractical guide to systems modeling language 606 $aSystems engineering 606 $aSysML (Computer science) 615 0$aSystems engineering. 615 0$aSysML (Computer science) 676 $a620.001/171 700 $aFriedenthal$b Sanford$0935497 701 $aSteiner$b Rick$0935498 702 $aMoore$b Alan$f1961- 801 0$bMiAaPQ 801 1$bMiAaPQ 801 2$bMiAaPQ 906 $aBOOK 912 $a9910966386803321 996 $aA practical guide to SysML$94338683 997 $aUNINA